000
00343nam a2200145Ia 4500
008
150201s2008 xx 000 0 und d
082
_a
617.6
_b
B2008G
100
_a
GREENBURG
245
_a
BURKETS ORAL MEDICINE
250
_a
11TH
260
_b
B.C.DECKER
_a
TORONTO
_c
2008
300
_a
1-586
650
_a
ORAL MEDICINE
942
_2
ddc
_c
BK
_0
24
999
_c
4536
_d
4536